[Event "AUTO-ADV-2524"]
[Site "http://www.queenalice.com/game.php?id=1068523"]
[Date "2012.6.5"]
[Round "1"]
[White "chessnm"]
[Black "SubRoger"]
[Result "0-1"]
[WhiteElo "1720"]
[BlackElo "2017"]

1. d4 f5 2. c4 e6 3. g3 Nf6 4. Bg2 d5 5. Nf3 Bb4+ 6. Nbd2 c6 7. O-O Bd6 8. Ne5
O-O 9. e3 Nbd7 10. f4 Qe7 11. Nxd7 Bxd7 12. c5 Bc7 13. Nf3 Ne4 14. Ne5 Rf6 15.
Bxe4 fxe4 16. b4 Rh6 17. Qg4 Rf8 18. Bb2 Be8 19. Rf2 a6 20. Raf1 Bd8 21. f5 Bh5
22. f6 Rfxf6 23. Qg5 Rxf2 24. Qxe7 Rxf1+ 0-1

[Event "AUTO-ADV-2524"]
[Site "http://www.queenalice.com/game.php?id=1068532"]
[Date "2012.6.5"]
[Round "1"]
[White "Mariojose"]
[Black "chessnm"]
[Result "0-1"]
[WhiteElo "1668"]
[BlackElo "1676"]

1. e4 e6 2. Nf3 d5 3. exd5 exd5 4. d4 Bg4 5. Be2 Nc6 6. Bg5 f6 7. Bf4 Bd6 8. h3
Bxf3 9. Bxf3 Bxf4 10. Qe2+ Qe7 11. Qxe7+ Ngxe7 12. O-O Nxd4 13. Bd1 O-O 14. c3
Ndf5 15. Na3 c6 16. Nc2 Rae8 17. Bh5 Ng6 18. Bg4 Nd6 19. Bh5 Re7 20. Nd4 Nf5 21.
Nxf5 Re5 22. Bg4 Ne7 23. Nd6 b5 24. Nb7 f5 25. Bf3 Nc8 26. Nc5 Re7 27. Nd3 Bd6
28. Rae1 Rfe8 29. Rxe7 Rxe7 30. Rd1 Nb6 31. Nc1 Kf7 32. Ne2 Be5 33. Bh5+ g6 34.
Bf3 Ke6 35. Re1 Kd6 36. Rd1 Nc4 37. b3 Nb6 38. Re1 Bxc3 39. Kf1 Bxe1 40. Kxe1
Kc5 41. Kd2 Nd7 42. Kd3 Ne5+ 43. Kd2 Nxf3+ 44. gxf3 Rxe2+ 45. Kxe2 Kb4 46. Kd3
c5 47. Kc2 c4 48. bxc4 dxc4 49. Kb2 c3+ 0-1

[Event "AUTO-ADV-2524"]
[Site "http://www.queenalice.com/game.php?id=1068533"]
[Date "2012.6.5"]
[Round "1"]
[White "chessnm"]
[Black "Mariojose"]
[Result "1-0"]
[WhiteElo "1659"]
[BlackElo "1685"]

1. d4 d5 2. e3 Nf6 3. h3 e6 4. Bd3 Be7 5. Ne2 a6 6. c3 Bd6 7. Nd2 O-O 8. e4 dxe4
9. Nxe4 Nxe4 10. Bxe4 c6 11. O-O Nd7 12. f4 Nf6 13. Ng3 Qb6 14. Be3 Rd8 15. Qe2
Nxe4 16. Nxe4 Be7 17. Rad1 Bd7 18. d5 Qb5 19. Qxb5 axb5 20. Bb6 Rdc8 21. dxe6
Bxe6 22. Nd6 Bxd6 23. Rxd6 Ra6 24. Rfd1 h6 25. Bc5 Raa8 26. a3 Rc7 27. Rd8+ Rxd8
28. Rxd8+ Kh7 29. Bd6 Rd7 30. Rxd7 Bxd7 31. b4 Kg6 32. Kf2 Kf5 33. g4+ Ke6 34.
Bc7 Kd5 35. Ke3 Kc4 36. Be5 Kb3 37. Kd4 b6 38. Bc7 Kxa3 39. Bxb6 Be6 40. Ke3 Kb3
41. Bd4 f6 42. f5 Bd5 43. Kf2 Be4 44. Kg3 g6 45. fxg6 Bxg6 46. Bxf6 Kc4 47. Bd4
Be4 48. h4 1-0

[Event "AUTO-ADV-2543"]
[Site "http://www.queenalice.com/game.php?id=1075435"]
[Date "2012.6.23"]
[Round "1"]
[White "Mikalus"]
[Black "chessnm"]
[Result "1-0"]
[WhiteElo "1865"]
[BlackElo "1720"]

1. e4 e6 2. d4 d5 3. e5 c5 4. Nf3 Nc6 5. c3 Bd7 6. Be2 Nge7 7. Bg5 c4 8. O-O Qc7
9. Nbd2 h6 10. Bh4 g5 11. Bg3 O-O-O 12. b3 cxb3 13. Qxb3 Nf5 14. Rab1 Na5 15.
Qb2 b6 16. Ba6+ Nb7 17. Rfc1 Kb8 18. h3 Bc6 19. c4 dxc4 20. Nxc4 Bxf3 21. gxf3
Nxd4 22. Nd6 1-0

[Event "AUTO-ADV-2543"]
[Site "http://www.queenalice.com/game.php?id=1075436"]
[Date "2012.6.23"]
[Round "1"]
[White "chessnm"]
[Black "Mikalus"]
[Result "1-0"]
[WhiteElo "1697"]
[BlackElo "1871"]

1. d4 d5 2. Nf3 e6 3. Bf4 Bd6 4. Bg3 Bxg3 5. hxg3 Nc6 6. e3 Nf6 7. Nbd2 Qd6 8.
Bb5 Bd7 9. Bxc6 Bxc6 10. c3 Ne4 11. Nxe4 Qe7 12. Ned2 f6 13. Qc2 f5 14. Ne5 Bb5
15. Ng6 1-0

[Event "AUTO-ADV-2543"]
[Site "http://www.queenalice.com/game.php?id=1075451"]
[Date "2012.6.23"]
[Round "1"]
[White "chessnm"]
[Black "amattar"]
[Result "0-1"]
[WhiteElo "1682"]
[BlackElo "1829"]

1. d4 g6 2. Nf3 c5 3. Bf4 Bg7 4. e3 Nf6 5. Nbd2 cxd4 6. exd4 d5 7. Bd3 O-O 8.
O-O Nc6 9. c3 Bg4 10. h3 Be6 11. Qe2 Qb6 12. Nb3 a5 13. Nc5 Nd8 14. Ne5 Nc6 15.
Na4 Qd8 16. Nxc6 bxc6 17. Nc5 Bc8 18. Rae1 Re8 19. Be5 Bd7 20. Nxd7 Qxd7 0-1

[Event "AUTO-ADV-2543"]
[Site "http://www.queenalice.com/game.php?id=1075452"]
[Date "2012.6.23"]
[Round "1"]
[White "amattar"]
[Black "chessnm"]
[Result "1-0"]
[WhiteElo "1818"]
[BlackElo "1693"]

1. e4 e6 2. d4 d5 3. Nd2 Nc6 4. c3 Nge7 5. e5 g6 6. Ngf3 Bg7 7. Bd3 O-O 8. O-O
Bd7 9. c4 Nb4 10. Be2 dxc4 11. Nxc4 Nbd5 12. Ne3 c6 13. Re1 Rc8 14. Nf1 Nf5 15.
Bg5 f6 16. exf6 Bxf6 17. Bxf6 Qxf6 18. Ne5 Rc7 19. Bf3 Re8 20. Ng3 Nxg3 21. fxg3
1-0

[Event "AUTO-ADV-2543"]
[Site "http://www.queenalice.com/game.php?id=1075453"]
[Date "2012.6.23"]
[Round "1"]
[White "chessnm"]
[Black "lfsantanna"]
[Result "0-1"]
[WhiteElo "1716"]
[BlackElo "1644"]

1. d4 d5 2. Nf3 Nf6 3. Bf4 Bf5 4. e3 a6 5. Nbd2 e6 6. c3 Bd6 7. Bg3 O-O 8. Be2
Nc6 9. O-O Bxg3 10. fxg3 Ng4 11. Re1 Nxe3 12. Qc1 Nc2 0-1

[Event "AUTO-ADV-2543"]
[Site "http://www.queenalice.com/game.php?id=1075454"]
[Date "2012.6.23"]
[Round "1"]
[White "lfsantanna"]
[Black "chessnm"]
[Result "1-0"]
[WhiteElo "1678"]
[BlackElo "1710"]

1. e4 e6 2. d4 d5 3. exd5 exd5 4. Nf3 Bg4 5. Be2 Nc6 6. h3 Bh5 7. Nc3 Bb4 8. Bd2
Bxf3 9. Bxf3 Nxd4 10. a3 Bc5 11. O-O h6 12. Be3 Nxf3+ 13. Qxf3 Bxe3 14. Qxe3+
Ne7 15. Qd4 O-O 16. Ne2 c6 17. Ng3 Qd6 18. Rae1 Rfe8 19. Nh5 Nf5 20. Qg4 Rxe1
21. Rxe1 Qg6 22. Qxg6 fxg6 23. Nf4 Kf7 24. Re6 g5 25. Re5 Nh4 26. Nd3 Re8 27.
Rxe8 Kxe8 28. g3 Nf3+ 29. Kg2 Nd4 30. c3 Ne6 31. Ne5 1-0

[Event "AUTO-ADV-2821"]
[Site "http://www.queenalice.com/game.php?id=1172103"]
[Date "2013.4.16"]
[Round "1"]
[White "adrian_iuga"]
[Black "chessnm"]
[Result "1-0"]
[WhiteElo "2088"]
[BlackElo "1614"]

1. e4 e6 2. d4 d5 3. Nc3 Bb4 4. e5 Nc6 5. Nf3 Nge7 6. Bd2 O-O 7. a3 Ba5 8. Be2
Nf5 9. b4 Bb6 10. Na4 Ncxd4 11. Nxb6 Nxf3+ 12. Bxf3 cxb6 13. O-O 1-0

[Event "AUTO-ADV-2821"]
[Site "http://www.queenalice.com/game.php?id=1172104"]
[Date "2013.4.16"]
[Round "1"]
[White "chessnm"]
[Black "adrian_iuga"]
[Result "0-1"]
[WhiteElo "1612"]
[BlackElo "2090"]

1. d4 d5 2. Nf3 Nf6 3. e3 Bg4 4. Nbd2 e6 5. b3 c5 6. Bb2 Nc6 7. Bb5 Bd6 8. O-O
a6 9. Bxc6+ bxc6 10. Qe1 O-O 11. dxc5 Bxc5 12. Ne5 Rc8 13. h3 Bf5 0-1

[Event "AUTO-ADV-2821"]
[Site "http://www.queenalice.com/game.php?id=1172131"]
[Date "2013.4.16"]
[Round "1"]
[White "chessnm"]
[Black "lusobrpe"]
[Result "0-1"]
[WhiteElo "1647"]
[BlackElo "1618"]

1. d4 d5 2. Nf3 e6 3. e3 Bd7 4. b3 Nf6 5. Bb2 Ne4 6. Bd3 Nc6 7. O-O Nb4 8. c3
Nxd3 9. Qxd3 a6 10. Nbd2 Bb5 0-1

[Event "AUTO-ADV-2821"]
[Site "http://www.queenalice.com/game.php?id=1172132"]
[Date "2013.4.16"]
[Round "1"]
[White "lusobrpe"]
[Black "chessnm"]
[Result "1-0"]
[WhiteElo "1623"]
[BlackElo "1630"]

1. e4 e6 2. e5 d6 3. d4 d5 4. Nf3 g6 5. Nc3 Bg7 6. Bg5 Ne7 7. a4 Nbc6 8. Bb5 O-O
9. O-O Bd7 10. Bxc6 Bxc6 11. b4 b6 12. b5 Bb7 13. Bxe7 Qxe7 14. a5 Bc8 15. a6
1-0

[Event "AUTO-ADV-3244"]
[Site "http://www.queenalice.com/game.php?id=1309544"]
[Date "2014.9.21"]
[Round "1"]
[White "Eggchaser"]
[Black "chessnm"]
[Result "0-1"]
[WhiteElo "1859"]
[BlackElo "1610"]

1. e4 e5 2. Nf3 Nc6 3. Nc3 Nf6 4. Bb5 d6 5. O-O a6 6. Ba4 b5 7. Bb3 Bg4 8. d3
Nd4 9. Bxf7+ Kxf7 10. Ng5+ Ke8 11. f3 Bh5 12. Be3 d5 13. Ne2 Nxe2+ 14. Qxe2 d4
15. Ne6 Qd6 16. Nxf8 Rxf8 17. Bd2 Nd7 0-1

[Event "AUTO-ADV-3244"]
[Site "http://www.queenalice.com/game.php?id=1309545"]
[Date "2014.9.21"]
[Round "1"]
[White "chessnm"]
[Black "Eggchaser"]
[Result "0-1"]
[WhiteElo "1670"]
[BlackElo "1847"]

1. d4 Nf6 2. Nc3 d5 3. Bg5 Nbd7 4. e3 h6 5. Bxf6 Nxf6 6. Bd3 c6 7. Nf3 e6 8. O-O
Bd6 9. Ne5 O-O 10. f4 Qb6 11. Na4 Qc7 12. f5 Bxe5 13. dxe5 Qxe5 14. Rf3 Ne4 15.
fxe6 Bxe6 16. c3 b5 17. Bxe4 dxe4 18. Rf4 bxa4 19. Qxa4 Qb5 20. Qa3 Qe2 21. Rxe4
Bd5 0-1

[Event "AUTO-ADV-3244"]
[Site "http://www.queenalice.com/game.php?id=1309570"]
[Date "2014.9.21"]
[Round "1"]
[White "Mateuzao_99"]
[Black "chessnm"]
[Result "1-0"]
[WhiteElo "1996"]
[BlackElo "1673"]

1. e4 e5 2. Nf3 Nc6 3. d3 Nf6 4. Be2 d6 5. Nc3 Be6 6. Bd2 g6 7. Qc1 h5 8. h3 Qe7
9. a3 O-O-O 10. Bg5 d5 11. exd5 Bxd5 12. Nxd5 Rxd5 13. O-O Qe6 14. c4 Rd6 15.
Re1 Nd4 16. Nxe5 Nxe2+ 17. Rxe2 Nd7 18. Qe1 Qf5 19. Nxd7 Rxd7 20. Re8+ Rd8 21.
Rxd8# 1-0

[Event "AUTO-ADV-3244"]
[Site "http://www.queenalice.com/game.php?id=1309571"]
[Date "2014.9.21"]
[Round "1"]
[White "chessnm"]
[Black "Mateuzao_99"]
[Result "0-1"]
[WhiteElo "1676"]
[BlackElo "1993"]

1. d4 Nf6 2. Nf3 d5 3. e3 c6 4. c4 dxc4 5. Bxc4 Bg4 6. O-O e6 7. Nbd2 Nbd7 8. h3
Bh5 9. Qc2 Bg6 10. Bd3 Bd6 11. Bxg6 hxg6 12. Nc4 Be7 13. Nfe5 Nxe5 14. Nxe5 Qc8
15. Nxg6 fxg6 16. Qxg6+ Kf8 17. e4 Qe8 18. Qxe8+ Rxe8 19. e5 Nd5 0-1

[Event "Challenge"]
[Site "http://www.queenalice.com/game.php?id=1322199"]
[Date "2014.11.14"]
[Round "-"]
[White "Scaracioli"]
[Black "chessnm"]
[Result "1-0"]
[WhiteElo "1700"]
[BlackElo "1661"]

1. e4 e6 2. d4 d5 3. e5 c5 4. f4 Nc6 5. Be3 g6 6. dxc5 Qa5+ 7. c3 Bxc5 8. b4
Nxb4 9. Bxc5 Qxc5 10. cxb4 Qxb4+ 11. Qd2 Qe4+ 12. Ne2 d4 13. Qxd4 1-0

[Event "Challenge"]
[Site "http://www.queenalice.com/game.php?id=1324108"]
[Date "2014.11.25"]
[Round "-"]
[White "chessnm"]
[Black "amaisi"]
[Result "0-1"]
[WhiteElo "1647"]
[BlackElo "1491"]

1. d4 Nf6 2. Nf3 d5 3. Bf4 Nc6 4. h3 e6 5. e3 Ne4 6. Bd3 Nf6 7. c3 h6 8. Nbd2
Bd6 9. Bxd6 Qxd6 10. Qc2 Bd7 11. O-O e5 12. dxe5 Nxe5 13. Nxe5 Qxe5 14. f4 Qxe3+
15. Kh1 O-O-O 16. Rae1 Qg3 17. Re2 Nh5 18. Rf3 Qh4 19. Ref2 g5 20. Kh2 g4 21.
Re3 Qxf2 0-1

[Event "Challenge"]
[Site "http://www.queenalice.com/game.php?id=1324109"]
[Date "2014.11.25"]
[Round "-"]
[White "chessnm"]
[Black "amaisi"]
[Result "0-1"]
[WhiteElo "1625"]
[BlackElo "1543"]

1. d4 f5 2. Nf3 d5 3. Bf4 e6 4. e3 a6 5. Nbd2 Be7 6. c3 Nc6 7. Bd3 Nf6 8. Qc2
Nh5 9. g3 O-O 10. h4 Nxf4 11. exf4 h6 12. Ne5 Nxe5 13. fxe5 c5 14. dxc5 Bxc5 15.
f4 Qb6 16. O-O-O Bf2 17. Nf1 Be3+ 18. Kb1 a5 19. Qe2 Bc5 20. Rh2 a4 21. a3 Bxa3
0-1